000 00574nam a2200193Ia 4500
003 LDD
008 190117s9999 xx 000 0 und d
020 _a9788171382422
_c₹460
040 _cLDD
041 _ahi
082 _a8H4.7 मा49274ल
100 _aमानसी
245 0 _aलव मंत्र
_cमानसी
260 _aनई दिल्ली
_bसामयिक प्रकाशन
_c2012
300 _a271
901 _aTHE-BS
904 _aReqst by : Satyakam
942 _2ddc
_cH
999 _c166164
_d166164